[Event "Olympiad-44"]
[Site "Chennai"]
[Date "2022.08.03"]
[Round "6.2"]
[White "Nadan, Avinesh"]
[Black "Ahmed, Ashraf"]
[Result "0-1"]
[WhiteElo "1540"]
[BlackElo "1838"]
[PlyCount "82"]
[EventDate "2022.07.29"]
[EventType "team-swiss"]
[EventRounds "11"]
[EventCountry "IND"]
[SourceTitle "CBM 210"]
[Source "ChessBase"]
[SourceDate "2022.10.31"]
[SourceVersion "1"]
[SourceVersionDate "2022.10.31"]
[SourceQuality "1"]
[WhiteTeam "Fiji"]
[BlackTeam "Maldives"]
[WhiteTeamCountry "FIJ"]
[BlackTeamCountry "MDV"]

1. e4 c5 2. Nf3 e6 3. Be2 Nc6 4. c3 g6 5. d4 cxd4 6. cxd4 Bg7 7. Nc3 a6 8. 0-0 Nge7 9. d5 exd5 10. exd5 Ne5 11. d6 N7c6 12. Nd5 0-0 13. Be3 Nxf3+ 14. Bxf3 Bxb2 15. Bb6 Qg5 16. Rb1 Be5 17. Nc7 Rb8 18. Bxc6 bxc6 19. f4 Bxf4 20. Kh1 Qh4 21. h3 Qg3 22. Bg1 Rxb1 23. Qxb1 Bxd6 24. Na8 c5 25. Qe4 c4 26. Nb6 c3 27. Nc4 Bb8 28. Rf3 Qc7 29. Rxc3 Bb7 30. Qc2 Rc8 31. Re3 d5 32. Qe2 dxc4 33. Re8+ Rxe8 34. Qxe8+ Kg7 35. Bd4+ f6 36. Kg1 Qh2+ 37. Kf1 Qxg2+ 38. Ke1 Bg3+ 39. Kd1 Bf3+ 40. Kc1 Bf4+ 41. Kb1 Qf1+ 0-1

[Event "Asia Nations online Cup"]
[Site "Chess.com INT"]
[Date "2020.10.10"]
[Round "2.12"]
[White "Mohamed, Saeed Laily"]
[Black "Nadan, Avinesh"]
[Result "1-0"]
[WhiteElo "1906"]
[BlackElo "1541"]
[PlyCount "89"]
[EventDate "2020.10.10"]
[EventType "team-swiss (rapid)"]
[EventRounds "9"]
[EventCountry "IND"]
[SourceTitle "CBM 198 Extra"]
[Source "ChessBase"]
[SourceDate "2020.11.30"]
[SourceVersion "1"]
[SourceVersionDate "2020.11.30"]
[SourceQuality "1"]
[WhiteTeam "United Arab Emirates"]
[BlackTeam "Fiji"]
[WhiteTeamCountry "UAE"]
[BlackTeamCountry "FIJ"]

1. d4 d5 2. Bf4 Nf6 3. e3 e6 4. Nf3 a6 5. c4 c5 6. cxd5 Nxd5 7. Bg3 cxd4 8. Nxd4 Bb4+ 9. Nd2 0-0 10. Bd3 Nf6 11. 0-0 Nc6 12. Nxc6 bxc6 13. Nf3 Bb7 14. Qb3 Qe7 15. a3 Ba5 16. Rfd1 Nd5 17. Rac1 f5 18. e4 fxe4 19. Bxe4 Kh8 20. Ne5 Rac8 21. Qc2 Nf6 22. Bxh7 Qe8 23. Bg6 Qe7 24. Bf7 Rxf7 25. Ng6+ Kg8 26. Nxe7+ Rxe7 27. Qc5 Bd8 28. Rxd8+ Rxd8 29. Qxe7 Rd7 30. Qxe6+ Kh7 31. Be5 Bc8 32. Qh3+ Kg8 33. Qg3 Ne4 34. Qb3+ Kh8 35. f3 Ng5 36. Rxc6 Bb7 37. Rh6+ Nh7 38. Rd6 Rxd6 39. Bxd6 Bc8 40. Qb8 Nf6 41. Qxc8+ Kh7 42. Qf5+ Kg8 43. g4 a5 44. g5 Nh7 45. Qe6+ 1-0